000 01841nam a2200445 c 4500
999 _c200224
_d200224
003 BLK
005 20240315154252.0
008 180411b bul|||||r ||||||| ||bul||
010 _aKNG00209640000
040 _aBLK
041 _aBUL
_cBUL
072 7 _2bullib
_aН82
_xЛитературознание Н
080 _aБългарска литература
_b821.163.2
_x(092)
_z821.163.2(092)
080 _aБългарска литература
_b821.163.2
_x.09
_z821.163.2.09
080 _aБългарски поет и писател
_b929 Вазов, Иван Минчов
_z929 Вазов, Иван Минчов
100 1 _aШишманов, Иван Димитров
_9143639
139 _aВазов, Иван Минчов
_bВ 15
245 1 0 _aИван Вазов
_bСпомени и документи : С предг., добавки и бел. от Михаил Арнаудов
_cИван Димитров Шишманов; * Михаил Петров Арнаудов; * Иван Минчов Вазов.
250 _a2. доп. изд.
257 _aBGR
260 _bБълг. писател
_c1976
300 _a480 с.
_c21 см
380 _a82
500 _a1. изд. 1930. - 15 100 тир.
600 1 4 _aВазов, Иван Минчов
_9363396
650 4 _aВазов, Иван Минчов
_9363396
653 _aИван Вазов
653 _aспомени
653 _aбиографии
659 _aН
700 1 _aВазов, Иван Минчов
_e*
_9363396
700 1 _aАрнаудов, Михаил Петров
_933558
852 _aЦб 83894
856 4 _qpdf
856 4 _qpdf
942 _cKNG
_n0
_03
_s1
944 _aCR
_c08.02.2018
_k30560
_lГеновева Генчева
944 _aED
_c08.02.2018
_kСимона_Петрова
999 _d200224